| 000 | 00368 a2200157 4500 | ||
|---|---|---|---|
| 001 | 74969 | ||
| 020 | _a978852601014-7 | ||
| 040 | _cAnchieta - Colégio São Paulo | ||
| 100 | _aMiguel, de Cervantes | ||
| 240 | 1 | 0 |
_aEra uma vez Dom Quixote _lpor |
| 245 | 1 | 0 | _aEra uma vez Dom Quixote |
| 300 | _a111 | ||
| 362 | 0 | _a2005 | |
| 650 | 4 | _aLiteratura juvenil | |
| 942 | _cBK | ||
| 999 |
_c74969 _d74969 |
||